| 000 | 00484nam a2200169Ia 4500 | ||
|---|---|---|---|
| 008 | 230917s9999||||xx |||||||||||||| ||und|| | ||
| 020 | _cRS795 | ||
| 040 |
_e232811 _aMAIN |
||
| 041 | _aEnglish | ||
| 082 | _a363.7 R137N | ||
| 100 | _aRangarajan, Mahesh | ||
| 245 | 0 | _aNature and nation: Essays on environmental history | |
| 260 |
_aRanikhet _bPermanent Black _c2015 |
||
| 300 | _axiii, 346 p. | ||
| 500 | _a2315 22/03/2016 HBD15/1837 22/03/2016 Women Studies Centre | ||
| 942 | _cBK | ||
| 999 |
_c18485 _d18485 |
||